MAASAI MARA UNIVERSITY

LIBRARY CATALOGUE

Contact Us: +254 020 2685356/7 or 0774 057787

Box: 861-20500, NAROK, KENYA

Email: info@mmarau.ac.ke

_Foundations in Nursing Theory and Practice Hazel B M Heath (Record no. 8573)

MARC details
000 -LEADER
fixed length control field 00427nam a2200145Ia 4500
008 - FIXED-LENGTH DATA ELEMENTS--GENERAL INFORMATION
fixed length control field 151021s9999 xx 000 0 und d
020 ## - INTERNATIONAL STANDARD BOOK NUMBER
International Standard Book Number 72342005
050 ## - LIBRARY OF CONGRESS CALL NUMBER
Classification number RT 81.5 .N54 2005
245 ## - TITLE STATEMENT
Title _Foundations in Nursing Theory and Practice Hazel B M Heath
260 ## - PUBLICATION, DISTRIBUTION, ETC. (IMPRINT)
Place of publication, distribution, etc. London Elsevier 2005
300 ## - PHYSICAL DESCRIPTION
Extent x;702p.
500 ## - GENERAL NOTE
General note Includes Index
650 ## - SUBJECT ADDED ENTRY--TOPICAL TERM
Topical term or geographic name as entry element _Nursing Theory and Practice
980 ## - EQUIVALENCE OR CROSS-REFERENCE-SERIES STATEMENT--PERSONAL NAME/TITLE [LOCAL, CANADA]
Personal name ^d20120119 03:47:13^okorir

No items available.

© 2016 Maasai Mara University.